| 000 | 00782nam a2200253 i 4500 | ||
|---|---|---|---|
| 001 | 37258 | ||
| 003 | ES-MaACL | ||
| 005 | 20230906155532.0 | ||
| 007 | t| | ||
| 008 | 030220s1961 sp ||||1| spa d | ||
| 080 | _a618.1 | ||
| 100 | 1 |
_aBueno, Maria del Pilar. _932383 |
|
| 245 | 1 | 0 |
_aVida íntima de la mujer / _cpor Mª del Pilar Bueno y Antonio P. Ureta ; revisión religiosa por Ramón Castelltort. |
| 250 | _a1ª ed. | ||
| 260 |
_aBarcelona : _bGassó, _c1961. |
||
| 300 |
_a358 p. : _bil. ; _c20 cm. |
||
| 490 | 1 | _aEnciclopedias de Gassó | |
| 650 | 0 | 0 |
_aGinecología. _913119 |
| 700 | 1 |
_aUreta, Antonio P. _9112128 |
|
| 700 | 1 |
_aCastelltort, Ramón. _936603 |
|
| 830 | 1 |
_aEnciclopedias de Gassó _9181703 |
|
| 852 | 4 |
_aES-MaACL _jF-14095 |
|
| 999 |
_c37258 _d37258 |
||